000 01424nam a22001937a 4500
008 241101t2024 xxk|||||o|||| 00| 0 eng d
041 _aeng
110 _aRoyal Institution of Chartered Surveyors
245 _aUK Commercial Property Monitor
_bQ2 2024
_h[Electronic resource]
260 _aLondon,
_bRoyal Institution of Chartered Surveyors,
_cJuly 2024
490 _aRICS UK Commercial Property Monitor
_vQ2 2024
520 _aThe Q2 2024 RICS UK Commercial Property Monitor results are indicative of a relatively flat headline picture for the market. Illustrating this, measures capturing both occupier and investor demand remained largely stable. That said, the current feedback is at least a little more encouraging than was the case throughout much of 2023. Similar to last quarter, 34% of respondents are of the opinion that the market is at the bottom of the current cycle, while 41% sense conditions are consistent with the early stages of recovery (minimally changed compared to respective shares of 35% and 38% in the previous iteration of the survey).
650 _aCOMMERCIAL PROPERTY
651 _aUnited Kingdom
690 _96227
_aCommercial property
710 _aRoyal Institution of Chartered Surveyors
856 _uhttps://www.rics.org/content/dam/ricsglobal/documents/market-surveys/Q2-2024-RICS-UK-Commercial-Property-Monitor.pdf
_zAvailable free on RICS.org
942 _n0
999 _c122051
_d122051